000 00418nam a2200145 4500
005 20260424115514.0
008 260424b |||||||| |||| 00| 0 eng d
020 _a978-030-830 X
100 _aOhia G.N.C et al
245 _aComprehensive Certificate Chemistry
_c/ G.N.C.Ohia et al
250 _a2nd ed
260 _aIbadan, Nigeria;
_bUniversity Press PLC;
_c2005
300 _axvi,472p.ill;
_c23.2cm
942 _2lcc
_n0
_cBK
999 _c237
_d237